Health psychology : an introduction for nurses and other health care professionals

Αποθηκεύτηκε σε:
Λεπτομέρειες βιβλιογραφικής εγγραφής
Κύριος συγγραφέας: Niven, Neil
Μορφή: Βιβλίο
Γλώσσα:English
Δημοσίευση: Edinburgh : New York : Churchill Livingstone, 1989
Θέματα:
Ετικέτες: Προσθήκη ετικέτας
Δεν υπάρχουν, Καταχωρήστε ετικέτα πρώτοι!

MARC

LEADER 00000nam a2200000 i 4500
001 1/29154
008 950727s1989 eng d
020 |a 0443036659 
035 |l 10023168 
040 |a GR-MY-UA  |b gre  |e aacr 
041 0 |a eng 
082 0 |a 613.019 
100 1 |a Niven, Neil. 
245 1 0 |a Health psychology :  |b an introduction for nurses and other health care professionals /  |c Neil Niven 
260 |a Edinburgh :   |a New York :   |b Churchill Livingstone,   |c 1989 
300 |a p. cm 
500 |a Includes index 
504 |a Bibliography: p 
650 0 0 |a Clinical health psychology. 
650 0 0 |a Nursing. 
650 0 0 |a Diseases  |x Psychology. 
650 0 0 |a Psychophysiologic Disorders  |x prevention & control. 
852 |a INST  |b CHIOS  |e 19950727  |h 613.019 NIV  |p 005200002653  |q 005200002653  |t BK  |y 0 
909 |a Χ  |b 031618